000 00281nam a2200121Ia 4500
008 190216s9999||||xx |||||||||||||| ||und||
100 _aJonathan Wilson
245 0 _aEssentials Of Business Research
260 _bSage Pub
_c2010
300 _a316
650 _aCommerce
942 _cBK
999 _c7955
_d7955